<?xml version="1.0" encoding="UTF-8"?>
<collection xmlns:xsi="http://www.w3.org/2001/XMLSchema-instance" xsi:schemaLocation="http://www.loc.gov/MARC21/slim http://www.loc.gov/standards/marcxml/schema/MARC21slim.xsd" xmlns="http://www.loc.gov/MARC21/slim">
 <record>
  <leader>00000ctm a22000004a 4500</leader>
  <controlfield tag="001">UP-99796217611000817</controlfield>
  <controlfield tag="003">Buklod</controlfield>
  <controlfield tag="005">20131127142505.0</controlfield>
  <controlfield tag="006">m    |o  d |      </controlfield>
  <controlfield tag="007">ta</controlfield>
  <controlfield tag="008">131127s2013    xx     d     r    |||| u|</controlfield>
  <datafield tag="035" ind1=" " ind2=" ">
   <subfield code="a">(iLib)UPD-00206905871</subfield>
  </datafield>
  <datafield tag="040" ind1=" " ind2=" ">
   <subfield code="a">DSTC</subfield>
  </datafield>
  <datafield tag="041" ind1=" " ind2=" ">
   <subfield code="a">eng</subfield>
  </datafield>
  <datafield tag="090" ind1=" " ind2=" ">
   <subfield code="a">LG 995 2013 S8 L83</subfield>
  </datafield>
  <datafield tag="100" ind1="1" ind2=" ">
   <subfield code="a">Lucagbo, Michael Daniel C.</subfield>
  </datafield>
  <datafield tag="245" ind1="1" ind2="0">
   <subfield code="a">Estimation of isotonic spatio-temporal model with clustering.</subfield>
   <subfield code="c">Michael Daniel C. Lucagbo.</subfield>
  </datafield>
  <datafield tag="264" ind1=" " ind2="1">
   <subfield code="a">Quezon City</subfield>
   <subfield code="b">University of the Philippines</subfield>
   <subfield code="c">c2013.</subfield>
  </datafield>
  <datafield tag="300" ind1=" " ind2=" ">
   <subfield code="a">v, 60p</subfield>
   <subfield code="b">ill.</subfield>
  </datafield>
  <datafield tag="500" ind1=" " ind2=" ">
   <subfield code="a">Thesis ( M.S.) --University of the Philippines.</subfield>
  </datafield>
  <datafield tag="520" ind1="1" ind2=" ">
   <subfield code="a">Abstract (The concept of contagion has gained a foothold in mathematical epidemiology and in the social sciences. Models which describe the transmission of a contagious entity have found applications in various disciplines. Spatio-temporal models are appropriate for describing transmission (of a disease, for instance) since they account for both the incidence of the disease from the time of its outbreak to the presents, as well as the pattern of spreading from the source to the susceptible units. This study introduces a spatio-temporal model of contagion, with possible clustering of spatial units. In addition, the study purposes the backfitting algorithm as an estimation procedure for the model. The model assumes that the degree of contamination in a spatial units is a function of the population, the incidence of the disease in the recent past, and the distance of the spatial unit from the source. FD-GMM bootstrap and monotone regression via integrated B-spline are embedded into the backfitting algorithm. The prediction performance of the estimation procedure is studied for varying  cluster sizes, number of clusters, time series lengths, stationarity conditions, and degrees of misspecification. The results show that the procedures performs test when the model is correctly specified, the model is stationary, there are few clusters, the time series is long or the cluster sizes are much greater than the time series length).</subfield>
  </datafield>
  <datafield tag="905" ind1=" " ind2=" ">
   <subfield code="a">Fi-Thesis</subfield>
  </datafield>
  <datafield tag="905" ind1=" " ind2=" ">
   <subfield code="a">Fi</subfield>
  </datafield>
  <datafield tag="950" ind1=" " ind2=" ">
   <subfield code="a">Monograph</subfield>
  </datafield>
  <datafield tag="852" ind1="0" ind2=" ">
   <subfield code="a">UPD</subfield>
   <subfield code="b">DARCHIVES</subfield>
   <subfield code="h">LG 995 2013 S8 L83</subfield>
  </datafield>
  <datafield tag="852" ind1="0" ind2=" ">
   <subfield code="a">UPD</subfield>
   <subfield code="b">DSTC</subfield>
   <subfield code="h">LG 995 2013 S8 L83</subfield>
  </datafield>
  <datafield tag="942" ind1=" " ind2=" ">
   <subfield code="a">Thesis</subfield>
  </datafield>
 </record>
</collection>
